Online katalóg knižníc regiónu Turca

Bláznivé leto (Record no. 23472)

MARC details
000 -LEADER
fixed length control field 01830cam a2200493 4500
001 - CONTROL NUMBER
control field 23472
003 - CONTROL NUMBER IDENTIFIER
control field VRT
005 - DATE AND TIME OF LATEST TRANSACTION
control field 20260624111145.0
008 - FIXED-LENGTH DATA ELEMENTS--GENERAL INFORMATION
fixed length control field 200205s2017 xo a j 000 j slo
015 ## - NATIONAL BIBLIOGRAPHY NUMBER
National bibliography number SNBA2018/02
020 ## - INTERNATIONAL STANDARD BOOK NUMBER
International Standard Book Number 9788089743254
Qualifying information (brožované)
035 ## - SYSTEM CONTROL NUMBER
System control number urn:nbn:sk:snk-am00d6x2
035 ## - SYSTEM CONTROL NUMBER
System control number urn:nbn:sk:snk-am3hrpt
035 ## - SYSTEM CONTROL NUMBER
System control number 8D109888-8821-4282-B65E-2D48A88341D3
039 #9 - LEVEL OF BIBLIOGRAPHIC CONTROL AND CODING DETAIL [OBSOLETE]
Level of rules in bibliographic description 202407162107
Level of effort used to assign nonsubject heading access points AUTHORITY
Level of effort used to assign subject headings 202407162050
Level of effort used to assign classification AUTHORITY
Level of effort used to assign subject headings 202407162048
Level of effort used to assign classification AUTHORITY
Level of effort used to assign subject headings 202002051840
Level of effort used to assign classification VLOAD
040 ## - CATALOGING SOURCE
Original cataloging agency ZKSE
Language of cataloging slo
Transcribing agency ZKSE
Modifying agency SNK
Description conventions rda
041 0# - LANGUAGE CODE
Language code of text/sound track or separate title slo
044 ## - COUNTRY OF PUBLISHING/PRODUCING ENTITY CODE
MARC country code xo
ISO country code SK
072 #7 - SUBJECT CATEGORY CODE
Subject category code 821.162.4-3
Subject category code subdivision Slovenská próza
Source konspekt
080 ## - UNIVERSAL DECIMAL CLASSIFICATION NUMBER
Universal Decimal Classification number 821.162.4-32
Edition identifier 2011
080 ## - UNIVERSAL DECIMAL CLASSIFICATION NUMBER
Universal Decimal Classification number (03)82-93-053.4/.6
Edition identifier 2011
080 ## - UNIVERSAL DECIMAL CLASSIFICATION NUMBER
Universal Decimal Classification number (0:82-321.3)
Edition identifier 2001
100 1# - MAIN ENTRY--PERSONAL NAME
Personal name Višváder, František,
Dates associated with a name 1934-2024
Relationship aut
245 10 - TITLE STATEMENT
Title Bláznivé leto
Remainder of title trampoty dvoch neviditeľných
Statement of responsibility, etc. František Višváder ; ilustroval Peter Rybár
250 ## - EDITION STATEMENT
Edition statement vydanie prvé
264 #1 - PRODUCTION, PUBLICATION, DISTRIBUTION, MANUFACTURE, AND COPYRIGHT NOTICE
Place of production, publication, distribution, manufacture Bratislava
Name of producer, publisher, distributor, manufacturer Hlbiny s.r.o.
Date of production, publication, distribution, manufacture, or copyright notice 2017
300 ## - PHYSICAL DESCRIPTION
Extent 182 strán
Other physical details ilustrácie
Dimensions 23 cm
336 ## - CONTENT TYPE
Content type term text
Content type code txt
Source rdacontent
337 ## - MEDIA TYPE
Media type term bez média
Media type code n
Source rdamedia
338 ## - CARRIER TYPE
Carrier type term zväzok
Carrier type code nc
Source rdacarrier
655 #7 - INDEX TERM--GENRE/FORM
Genre/form data or focus term slovenské poviedky
Source of term SNKPH
655 #7 - INDEX TERM--GENRE/FORM
Genre/form data or focus term publikácie pre deti a mládež
Source of term SNKPH
655 #7 - INDEX TERM--GENRE/FORM
Genre/form data or focus term dobrodružné poviedky
Source of term SNKPH
655 #7 - INDEX TERM--GENRE/FORM
Genre/form data or focus term Slovak tales
Source of term SNKPHeng
655 #7 - INDEX TERM--GENRE/FORM
Genre/form data or focus term Publications for children and youth
Source of term SNKPHeng
655 #7 - INDEX TERM--GENRE/FORM
Genre/form data or focus term Adventure short stories
Source of term SNKPHeng
700 1# - ADDED ENTRY--PERSONAL NAME
Personal name Rybár, Peter
Relationship ill
942 ## - ADDED ENTRY ELEMENTS (KOHA)
Source of classification or shelving scheme Dewey Decimal Classification
Koha item type Krásna literatúra pre deti
Suppress in OPAC No
949 ## - LOCAL PROCESSING INFORMATION (OCLC)
6 17A1306581
a snkSC 177423
b snk2018/247
o 2471/17
s 6100:20180227
949 ## - LOCAL PROCESSING INFORMATION (OCLC)
6 17A1306582
a snkSC 177423 D1
b snk2018/248
o 2471/17
949 ## - LOCAL PROCESSING INFORMATION (OCLC)
6 273K0616573
a svkpoB 101437
b svkpo614023
949 ## - LOCAL PROCESSING INFORMATION (OCLC)
6 270001000581967
a svkbbB 57527
b svkbbm 772820
949 ## - LOCAL PROCESSING INFORMATION (OCLC)
6 2889332680
a savukPV 25188
b savuk2017/4640
Holdings
Stav vyradenia Strata Poškodenie Spôsob nadobudnutia Domovská knižnica Aktuálna knižnica Dátum nadobudnutia Total checkouts Čiarový kód exemplára Date last seen Typ exemplára
      Dar Mestská knižnica Turany Mestská knižnica Turany 24.06.2026   4712401411 24.06.2026 Krásna literatúra pre deti
Projekt je podporený Slovenskou asociáciou knižníc
Prevádzkuje Turčianska knižnica Martin 2026